|
|
|
|
| LEADER |
01063nam a2200289 a 4500 |
| 001 |
5538 |
| 003 |
BD-DhAAL |
| 005 |
20150701101614.0 |
| 008 |
150701s1988 caua b 100 0 eng |
| 010 |
|
|
|a 88010898
|
| 020 |
|
|
|a 0803930240
|
| 040 |
|
|
|a DLC
|c DLC
|d DLC
|d BD-DhAAL
|
| 050 |
0 |
0 |
|a HM13
|b .F88 1988
|
| 082 |
0 |
0 |
|a 301
|2 19
|
| 245 |
0 |
4 |
|a The Future of sociology /
|c edited by Edgar F. Borgatta & Karen S. Cook.
|
| 260 |
|
|
|a Newbury Park, Calif. :
|b Sage Publications,
|c c1988.
|
| 300 |
|
|
|a 422 p. :
|b ill. ;
|c 23 cm.
|
| 500 |
|
|
|a "Published in cooperation with the Pacific Sociological Association."
|
| 504 |
|
|
|a Includes bibliographies.
|
| 541 |
|
|
|e 5538
|
| 650 |
|
0 |
|a Sociology
|x Congresses.
|9 12719
|
| 650 |
|
0 |
|a Sociology
|z United States
|x Congresses.
|9 12720
|
| 700 |
1 |
|
|a Borgatta, Edgar F.,
|d 1924-
|9 12721
|
| 700 |
1 |
|
|a Cook, Karen S.
|9 12722
|
| 942 |
|
|
|2 ddc
|c BK
|
| 999 |
|
|
|c 34906
|d 34906
|
| 952 |
|
|
|0 0
|1 0
|2 ddc
|4 0
|6 301_000000000000000_FUT
|7 0
|9 54644
|a SCL
|b SCL
|c GEN
|d 2015-07-01
|e Gift: The Asia Foundation
|l 0
|o 301 FUT
|p 3020005538
|r 2015-07-01
|t 1
|w 2015-07-01
|y BK
|